| 000 | 01244cam a22002771i 4500 | ||
|---|---|---|---|
| 003 | SA-RiAUC | ||
| 005 | 20250811064930.0 | ||
| 008 | 250807s1989 su g f000 0bara c | ||
| 040 |
_aSA-JeALM _bara _cSA-RiAUC _erda |
||
| 082 | 0 | 4 | _a239.6 |
| 090 |
_a239.6 _bع ب ا |
||
| 100 | 1 |
_aالعباد، عبد المحسن بن حمد بن عبد المحسن، _d1352 هجري- _eمؤلف. |
|
| 245 | 1 | 0 |
_aمن أخلاق الرسول الكريم صلى الله عليه وسلم / _cعبد المحسن بن حمد العباد. |
| 250 | _aالطبعة الخامسة. | ||
| 264 | 1 |
_aالمدينة المنورة : _bالجامعة الإسلامية، _c1991. |
|
| 300 |
_a32 صفحة ؛ _c24 سم |
||
| 336 |
_aنص _btxt _2rdacontent _3كتاب |
||
| 337 |
_aبدون وسيط _bn _2rdamedia |
||
| 338 |
_aمجلد _bnc _2rdacarrier |
||
| 500 | _aمحاضرة ألقيت في الجامعة الإسلامية بالمدينة المنورة عام 1384 هـ. | ||
| 600 | 0 | 7 |
_aمحمد (صلى الله عليه وسلم)، _d53 قبل الهجرة-11 هجري _2aucnm |
| 650 | 7 |
_aالسيرة النبوية _2aucsh |
|
| 650 | 7 |
_aأخلاق الرسول _2aucsh |
|
| 942 |
_2ddc _cBOOK _n0 |
||
| 949 |
_aSA-JeALM _d250807 _umohamedma123 _n1 |
||
| 999 |
_c10719 _d10719 |
||